Statistics for Top 25 US States at Education

Click here to take the quiz!

General Stats

  • This quiz has been taken 19 times
  • The average score is 19 of 25

Answer Stats

HintAnswer% Correct
20California
89%
1New Jersey
89%
16New York
89%
4Washington
89%
6Connecticut
83%
24Delaware
83%
17Minnesota
83%
7North Carolina
83%
25North Dakota
83%
15Vermont
83%
12Virginia
83%
8Wisconsin
83%
5Colorado
78%
11Illinois
78%
2Massachusetts
78%
19South Dakota
78%
3Florida
72%
18Iowa
72%
23Kansas
72%
10Utah
72%
14Maryland
67%
9Nebraska
67%
13New Hampshire
67%
22Indiana
61%
21Wyoming
61%

Score Distribution

Percentile by Number Answered

Percent of People with Each Score

Your Score History

You have not taken this quiz